000 00327nam a2200133Ia 4500
005 20251222141932.0
008 251222s9999||||xx |||||||||||||| ||spa||
020 _a84-293-1119-X
082 _a269.2/E64
100 _aEnrique y Tarancón, Vicente
245 0 _aDe Cara al Tercer Milenio:
264 _bSal Terrae
942 _cLIB
999 _c9077
_d9077